Golfo Aranci

में बचाया:
ग्रंथसूची विवरण
अन्य लेखक: Bonadies, Matteo, Citarella, Valter
स्वरूप: पुस्तक
प्रकाशित: Barletta
टैग: टैग जोड़ें
कोई टैग नहीं, इस रिकॉर्ड को टैग करने वाले पहले व्यक्ति बनें!

MARC

LEADER 00000nam a22000007i 4500
001 CDOM0000003823
003 mi
005 20250929151614.0
008 031217s1997 it |||||| ||||| |||||c
040 |c mi 
245 1 |a Golfo Aranci  
260 |a Barletta 
700 |a Bonadies, Matteo 
700 |a Citarella, Valter 
942 |2 ddc  |c BK 
952 |0 0  |1 0  |2 ddc  |4 0  |7 0  |9 7025  |a MI  |b MI  |d 2009-09-04  |i 5562  |l 0  |p CDOM5562  |r 2025-07-13 16:28:00  |w 2025-07-13  |x ACQUISTO  |y BK 
999 |c 5741  |d 5741